[Event "Hastings Masters"]
[Site "Hastings"]
[Date "2006.12.28"]
[Round "1.1"]
[White "Gagunashvili, Merab"]
[Black "Muter, Donny"]
[Result "1-0"]
[WhiteElo "2583"]
[BlackElo "2146"]
[PlyCount "79"]
[EventDate "2006.12.28"]
[SourceDate "2006.12.28"]

1. d4 Nf6 2. Nf3 d5 3. c4 e6 4. Nc3 Be7 5. Bf4 O-O 6. e3 c5 7. dxc5 Bxc5 8.
cxd5 Nxd5 9. Nxd5 exd5 10. a3 Nc6 11. Bd3 h6 12. O-O Be6 13. Rc1 Bb6 14. Bb1
Ne7 15. Nd4 Qd7 16. Qd3 Ng6 17. Bg3 Rfc8 18. Nxe6 Rxc1 19. Rxc1 Qxe6 20. Rd1
Rd8 21. Ba2 Qf6 22. Bxd5 Ne7 23. e4 Qxb2 24. Qf3 Nxd5 25. exd5 Qf6 26. Qd3 Bc5
27. d6 h5 28. d7 Bb6 29. h4 Qe6 30. Kh2 Qc6 31. Qe2 Bc7 32. Qe7 b5 33. Bxc7
Qxc7+ 34. g3 g6 35. Kg1 a5 36. Kg2 Kg7 37. Rd6 b4 38. axb4 axb4 39. g4 hxg4 40.
h5 1-0

[Event "Hastings Masters"]
[Site "Hastings"]
[Date "2006.12.28"]
[Round "1.2"]
[White "Narayanan, Srinath"]
[Black "Ikonnikov, Vyacheslav"]
[Result "0-1"]
[WhiteElo "2141"]
[BlackElo "2550"]
[PlyCount "72"]
[EventDate "2006.12.28"]
[SourceDate "2006.12.28"]

1. e4 c5 2. Nf3 Nc6 3. d4 cxd4 4. Nxd4 e5 5. Nb5 d6 6. c4 Be7 7. Be3 Nf6 8. f3
O-O 9. Be2 Nh5 10. O-O a6 11. N5c3 Bg5 12. Bf2 Nf4 13. Nd5 Nxd5 14. cxd5 Ne7
15. a4 Ng6 16. a5 Nf4 17. Kh1 Qf6 18. Nc3 Qg6 19. Rg1 f5 20. Bf1 Qh6 21. Ra4
Rf6 22. Bg3 Nh5 23. Bf2 Be3 24. Qe1 Bxf2 25. Qxf2 Ng3+ 26. Qxg3 f4 27. Qh3 Bxh3
28. gxh3 Rc8 29. Rb4 Rc7 30. Rg2 Qh4 31. Re2 Rff7 32. Rb6 Qd8 33. Rc2 Rc5 34.
Rb4 Qxa5 35. Ra4 Qxa4 36. Nxa4 Rxc2 0-1

[Event "Hastings Masters"]
[Site "Hastings"]
[Date "2006.12.28"]
[Round "1.3"]
[White "Hebden, Mark"]
[Black "Eggleston, David"]
[Result "1-0"]
[WhiteElo "2549"]
[BlackElo "2140"]
[PlyCount "75"]
[EventDate "2006.12.28"]
[SourceDate "2006.12.28"]

1. d4 e6 2. Nf3 f5 3. g3 Nf6 4. Bg2 Be7 5. O-O O-O 6. c4 Ne4 7. b3 Bf6 8. Bb2
c5 9. e3 Nc6 10. Qe2 cxd4 11. Nxd4 d5 12. Rd1 Nxd4 13. Bxd4 b6 14. cxd5 exd5
15. Qb2 Be6 16. Nc3 Bxd4 17. Rxd4 Qf6 18. Nb5 Bf7 19. f3 Nc5 20. Rad1 Qe7 21.
Re1 Rad8 22. Rdd1 Rfe8 23. Qc2 Bg6 24. Qc3 Qd7 25. Bf1 Bf7 26. Nd4 Qc8 27. b4
Nd7 28. Qxc8 Rxc8 29. Bb5 Rc7 30. Nxf5 a6 31. Bxd7 Rxd7 32. Kf2 d4 33. Rxd4
Rxd4 34. Nxd4 Bxa2 35. Rc1 Bd5 36. e4 Bf7 37. Rc6 Rb8 38. e5 1-0

[Event "Hastings Masters"]
[Site "Hastings"]
[Date "2006.12.28"]
[Round "1.4"]
[White "Vrban, Damir"]
[Black "Tahirov, Farhad"]
[Result "0-1"]
[WhiteElo "2130"]
[BlackElo "2545"]
[PlyCount "116"]
[EventDate "2006.12.28"]
[SourceDate "2006.12.28"]

1. e4 d6 2. d4 Nf6 3. Nc3 g6 4. Be2 Bg7 5. e5 Nfd7 6. exd6 cxd6 7. Nf3 a6 8.
O-O Nf6 9. h3 O-O 10. a3 b5 11. Bg5 h6 12. Bxf6 Bxf6 13. a4 {(=)} bxa4 14. Rxa4
Bb7 15. Bc4 e6 16. Qd3 Kg7 17. Rfa1 Qb6 18. Bb3 Nd7 19. Ne4 Be7 20. Ra5 Rfe8
21. Ned2 Nf6 22. c4 Red8 23. Bc2 e5 24. d5 Rac8 25. Nh4 e4 26. Nxe4 Nxe4 27.
Qxe4 Bxh4 28. Qxh4 Qxb2 29. Rb1 {(=)} Qxc2 30. Rxb7 Rxc4 31. Qg3 Qc1+ 32. Kh2
Rc3 33. Rb1 Rxg3 34. Rxc1 Rd3 35. Rc6 Kf6 36. Rcxa6 Rd7 37. Rc6 Ke5 38. Rc2 Rb7
39. f3 h5 40. Re2+ Kf6 41. h4 Kf5 42. Kg3 Rd4 43. Re3 Rb2 44. Re7 f6 45. Kh3
Rdd2 46. g4+ Kf4 47. Ra4+ Kxf3 48. Ra3+ Kf2 49. gxh5 gxh5 50. Re6 f5 51. Rf6
Rxd5 52. Rg6 Rbd2 53. Rg2+ Ke1 54. Ra1+ Rd1 55. Rxd1+ Rxd1 56. Rg5 f4 57. Rxh5
f3 58. Kg3 f2 0-1

[Event "Hastings Masters"]
[Site "Hastings"]
[Date "2006.12.28"]
[Round "1.5"]
[White "Neverov, Valeriy"]
[Black "Donovan, Nigel"]
[Result "1-0"]
[WhiteElo "2538"]
[BlackElo "2119"]
[PlyCount "43"]
[EventDate "2006.12.28"]
[SourceDate "2006.12.28"]

1. d4 Nf6 2. c4 e6 3. Nc3 Bb4 4. e3 b6 5. Bd3 Bb7 6. Nf3 Ne4 7. O-O f5 8. Ne2
O-O 9. b3 Bd6 10. Bb2 Ng5 11. Nd2 Ne4 12. f4 Nxd2 13. Qxd2 Qh4 14. d5 exd5 15.
Nd4 dxc4 16. Nxf5 Rxf5 17. Bxf5 cxb3 18. axb3 Qe7 19. Qd3 g6 20. Bh3 Bc5 21.
Rae1 Be4 22. Qc3 1-0

[Event "Hastings Masters"]
[Site "Hastings"]
[Date "2006.12.28"]
[Round "1.6"]
[White "Rice, Chris"]
[Black "Gofshtein, Zvulon"]
[Result "0-1"]
[WhiteElo "2116"]
[BlackElo "2509"]
[PlyCount "84"]
[EventDate "2006.12.28"]
[SourceDate "2006.12.28"]

1. c4 Nf6 2. g3 c6 3. Bg2 d5 4. Nf3 e6 5. O-O Nbd7 6. Qc2 Bd6 7. b3 O-O 8. Bb2
e5 9. d3 Re8 10. Nbd2 a5 11. Nh4 g6 12. h3 Qe7 13. e4 d4 14. Ndf3 a4 15. Qe2
Ba3 16. Qd2 Bb4 17. Qc2 Nc5 18. Rad1 axb3 19. axb3 Nh5 20. Ra1 Bd7 21. Rxa8
Rxa8 22. Ra1 Rxa1+ 23. Bxa1 Ng7 24. Bf1 g5 25. Nf5 Nxf5 26. exf5 Bxf5 27. Bb2
f6 28. Bc1 Kg7 29. Bd2 Na6 30. Ne1 Bxd2 31. Qxd2 Qb4 32. Qxb4 Nxb4 33. g4 Bg6
34. Be2 Kf7 35. f3 Ke7 36. Kg2 Kd6 37. Kg3 h6 38. h4 b5 39. hxg5 hxg5 40. Kf2
Na2 41. Bd1 Nc1 42. Bc2 Kc5 0-1

[Event "Hastings Masters"]
[Site "Hastings"]
[Date "2006.12.28"]
[Round "1.7"]
[White "Pavlovic, Milos"]
[Black "Kulago, Alexander"]
[Result "1-0"]
[WhiteElo "2507"]
[BlackElo "2114"]
[PlyCount "80"]
[EventDate "2006.12.28"]
[SourceDate "2006.12.28"]

1. Nf3 d5 2. g3 Nf6 3. Bg2 e6 4. O-O Be7 5. b3 c5 6. c4 O-O 7. Bb2 Nc6 8. e3 b6
9. Nc3 Bb7 10. cxd5 Nxd5 11. Nxd5 exd5 12. d4 Ba6 13. Re1 Nb4 14. Ne5 f6 15. a3
fxe5 16. axb4 Bb7 17. dxc5 bxc5 18. bxc5 Bxc5 19. Bxe5 Kh8 20. Bd4 Bb6 21. Ra4
Bc6 22. Bxb6 Qxb6 23. Rd4 Rab8 24. b4 Qb5 25. Qa1 Rf7 26. Red1 Rbf8 27. R1d2 h6
28. Qa5 Rb8 29. Qxb5 Rxb5 30. Rc2 Rb6 31. h4 Rfb7 32. Kh2 Rb8 33. g4 g6 34. Kg3
Kg7 35. g5 hxg5 36. hxg5 Kf8 37. Rf4+ Ke7 38. Rc5 Kd7 39. Rf7+ Kd6 40. Rxa7
Rxb4 {remaining moves illegible} 1-0

[Event "Hastings Masters"]
[Site "Hastings"]
[Date "2006.12.28"]
[Round "1.8"]
[White "Humphreys, Jerry"]
[Black "Pert, Nicholas"]
[Result "0-1"]
[WhiteElo "2106"]
[BlackElo "2502"]
[PlyCount "56"]
[EventDate "2006.12.28"]
[SourceDate "2006.12.28"]

1. e4 e6 2. d4 d5 3. Nc3 Bb4 4. Qd3 Ne7 5. Nge2 O-O 6. a3 Bxc3+ 7. Nxc3 b6 8.
Bg5 f6 9. Bd2 c5 10. dxc5 bxc5 11. Be2 Ba6 12. Qh3 Qc8 13. exd5 Bxe2 14. Nxe2
exd5 15. Qxc8 Rxc8 16. O-O-O Nd7 17. Rhe1 Kf7 18. Nc3 Rc6 19. Bf4 Nb6 20. Re2
Rd8 21. Rde1 Rd7 22. Kb1 h6 23. b3 d4 24. Ne4 Nbd5 25. Bd2 c4 26. b4 Rb7 27.
Ka1 c3 28. Bc1 Nxb4 0-1

[Event "Hastings Masters"]
[Site "Hastings"]
[Date "2006.12.28"]
[Round "1.9"]
[White "Cherniaev, Alexander"]
[Black "Griffiths, Ryan Rhys"]
[Result "1-0"]
[WhiteElo "2496"]
[BlackElo "2104"]
[PlyCount "75"]
[EventDate "2006.12.28"]
[SourceDate "2006.12.28"]

1. e4 c5 2. a3 Nc6 3. b4 cxb4 4. axb4 e6 5. b5 Ne5 6. d4 Ng6 7. Nf3 b6 8. Bd3
Bb7 9. O-O d6 10. c4 Nf6 11. Nc3 Be7 12. Re1 O-O 13. Bb2 Qc7 14. Nd2 Nf4 15.
Bf1 e5 16. Nd5 N4xd5 17. cxd5 Nd7 18. Rc1 Qd8 19. Nf3 f5 20. dxe5 Nxe5 21. Nd4
Bc8 22. f4 Ng6 23. exf5 Bxf5 24. Nc6 Qd7 25. Nxe7+ Nxe7 26. Qd4 Ng6 27. Rc6 Rf7
28. h3 Raf8 29. Rc3 Nxf4 30. Rce3 h5 31. Rg3 Ng6 32. Rg5 h4 33. Bc4 Qd8 34.
Rxf5 Ne5 35. Rxf7 Rxf7 36. Rf1 Rc7 37. Bd3 Qg5 38. Qe4 1-0

[Event "Hastings Masters"]
[Site "Hastings"]
[Date "2006.12.28"]
[Round "1.10"]
[White "Armstrong, Malcolm"]
[Black "Lalic, Bogdan"]
[Result "0-1"]
[WhiteElo "2101"]
[BlackElo "2491"]
[PlyCount "88"]
[EventDate "2006.12.28"]
[SourceDate "2006.12.28"]

1. d4 Nf6 2. Nf3 d6 3. c4 g6 4. Nc3 Bg7 5. g3 O-O 6. Bg2 Nc6 7. O-O Bf5 8. d5
Na5 9. Nd2 c5 10. e4 Bd7 11. Qc2 a6 12. a4 Rb8 13. Re1 e6 14. Bf1 Re8 15. dxe6
Bxe6 16. b3 Nc6 17. Bb2 Nd4 18. Qd3 Nd7 19. f4 Qa5 20. Bg2 Qb4 21. Na2 Qb6 22.
Bc3 Rbd8 23. a5 Qa7 24. Nf3 Bg4 25. Bxd4 cxd4 26. b4 b6 27. axb6 Qxb6 28. h3
Bxf3 29. Bxf3 a5 30. Bg4 axb4 31. Bxd7 Rxd7 32. Rab1 Ra7 33. Nxb4 Qc5 34. Rb3
Ra4 35. Reb1 h5 36. h4 Kh7 37. Kg2 Qc8 38. Rc1 f5 39. exf5 Re3 40. fxg6+ Kh6
41. Qc2 Rxb3 42. Qxb3 Qb7+ 43. Kg1 Rxb4 44. Qd3 Rb3 0-1

[Event "Hastings Masters"]
[Site "Hastings"]
[Date "2006.12.28"]
[Round "1.11"]
[White "Williams, Simon K"]
[Black "Fryer, David"]
[Result "1-0"]
[WhiteElo "2473"]
[BlackElo "2101"]
[PlyCount "69"]
[EventDate "2006.12.28"]
[SourceDate "2006.12.28"]

1. d4 Nf6 2. c4 c5 3. d5 b5 4. cxb5 a6 5. bxa6 Bxa6 6. Nc3 g6 7. g3 Bg7 8. Bg2
d6 9. Nf3 O-O 10. O-O Nbd7 11. Rb1 Qc7 12. b3 Rfb8 13. Qc2 Nb6 14. Rd1 Nfd7 15.
Bb2 Rb7 16. Ne4 Bxb2 17. Rxb2 Qb8 18. Rbb1 Rba7 19. Nc3 Bb7 20. e4 Ra3 21. Qc1
Qf8 22. Rd2 R3a5 23. a4 Rc8 24. h4 Ra6 25. Ra2 Nf6 26. Bh3 Rb8 27. a5 Nbd7 28.
b4 cxb4 29. Rxb4 Nc5 30. Qb1 Qd8 31. Nd4 Raa8 32. Rab2 Nfd7 33. Bxd7 Qxd7 34.
Nc6 Rc8 35. Rxb7 1-0

[Event "Hastings Masters"]
[Site "Hastings"]
[Date "2006.12.28"]
[Round "1.12"]
[White "Almond, Richard"]
[Black "Greet, Andrew"]
[Result "0-1"]
[WhiteElo "2096"]
[BlackElo "2439"]
[PlyCount "100"]
[EventDate "2006.12.28"]
[SourceDate "2006.12.28"]

1. d4 Nf6 2. c4 e6 3. Nc3 Bb4 4. Qc2 O-O 5. a3 Bxc3+ 6. Qxc3 b6 7. Bg5 Bb7 8.
e3 d6 9. f3 Nbd7 10. Bd3 c5 11. Ne2 Rc8 12. O-O cxd4 13. exd4 b5 14. b3 bxc4
15. bxc4 Ba6 16. Rfc1 Bxc4 17. Bxc4 d5 18. Qb3 dxc4 19. Rxc4 Rxc4 20. Qxc4 Qa5
21. Bf4 Nb6 22. Qd3 Rc8 23. Bd2 Qa4 24. Rc1 Rxc1+ 25. Bxc1 Nfd5 26. Nc3 Nxc3
27. Qxc3 h6 28. h3 Nd5 29. Qd3 Qa5 30. Bd2 Qb6 31. Kh1 Qb2 32. Kg1 Qa1+ 33. Kf2
Qd1 34. Qe2 Qb3 35. Bc1 Nc3 36. Qd2 Nb5 37. Qe3 Qc4 38. Bb2 Qa2 39. Qe2 Nxa3
40. Bxa3 Qxa3 41. Qc4 Qb2+ 42. Kg3 Qb7 43. Qc5 g6 44. Kf2 Qb6 45. Qe5 a5 46.
Kg3 a4 47. Qe3 Qd6+ 48. Kf2 a3 49. Qd2 Qb6 50. Kg3 Qb2 0-1

[Event "Hastings Masters"]
[Site "Hastings"]
[Date "2006.12.28"]
[Round "1.13"]
[White "Hendriks, Willy"]
[Black "Norinkeviciute, Rasa"]
[Result "1-0"]
[WhiteElo "2439"]
[BlackElo "2094"]
[PlyCount "85"]
[EventDate "2006.12.28"]
[SourceDate "2006.12.28"]

1. e4 g6 2. d4 d6 3. Nc3 Bg7 4. Bg5 h6 5. Bh4 a6 6. Nf3 g5 7. Bg3 e6 8. e5 Ne7
9. Bd3 d5 10. h4 g4 11. Nh2 h5 12. Ne2 Nf5 13. Bxf5 exf5 14. Nf1 Be6 15. Bf4 c5
16. Nfg3 Nc6 17. c3 cxd4 18. cxd4 Bf8 19. Bg5 Qa5+ 20. Kf1 Be7 21. Bxe7 Kxe7
22. Kg1 Kd7 23. Nf4 Qb4 24. Ngxh5 Rad8 25. a3 Qb6 26. Rc1 Nxd4 27. b4 Ke7 28.
Nf6 g3 29. Rc5 gxf2+ 30. Kxf2 Nc6 31. N4xd5+ Bxd5 32. Nxd5+ Rxd5 33. Qxd5 Rd8
34. Qf3 Nd4 35. Qe3 Qe6 36. Rd1 Nc6 37. Qg5+ Ke8 38. Qg8+ Ke7 39. Rxd8 Qa2+ 40.
Kg1 Qa1+ 41. Kh2 Nxd8 42. Rc7+ Ke6 43. Qe8+ 1-0

[Event "Hastings Masters"]
[Site "Hastings"]
[Date "2006.12.28"]
[Round "1.14"]
[White "Chevannes, Sabrina"]
[Black "Jones, Gawain"]
[Result "0-1"]
[WhiteElo "2093"]
[BlackElo "2430"]
[PlyCount "112"]
[EventDate "2006.12.28"]
[SourceDate "2006.12.28"]

1. d4 e6 2. Nf3 f5 3. g3 Nf6 4. Bg2 Be7 5. Nc3 d5 6. Bf4 O-O 7. O-O Nc6 8. e3
Ne4 9. Ne2 Bf6 10. Nc1 g5 11. Be5 g4 12. Bxf6 Qxf6 13. Nd2 e5 14. dxe5 Nxe5 15.
Nd3 Be6 16. Nf4 Rad8 17. c3 c5 18. Nb3 b6 19. Qe2 Ng5 20. Rfd1 Ngf3+ 21. Kh1 d4
22. cxd4 Bxb3 23. axb3 cxd4 24. exd4 Rxd4 25. Rxd4 Nxd4 26. Qd1 Nef3 27. Qd3
Re8 28. h4 a5 29. Rd1 Re4 30. Qc4+ Qf7 31. Nd5 Kh8 32. Nxb6 Qe7 33. Qc3 Re1+
34. Rxe1 Qxe1+ 35. Qxe1 Nxe1 36. Bd5 Nd3 37. Kg2 Nxb2 38. Nc4 Nxc4 39. Bxc4 Kg7
40. Kf1 Kf6 41. Ke1 Ke5 42. Bf7 Ke4 43. Bc4 f4 44. gxf4 Kxf4 45. Bg8 h6 46. Kf1
Ke4 47. Kg2 Kf4 48. Bf7 Nf5 49. h5 Kg5 50. Bg6 Kf6 51. Be8 Nd4 52. Kg3 Nxb3 53.
Kxg4 Nc5 54. Bg6 a4 55. Bb1 a3 56. Kf4 Na4 0-1

[Event "Hastings Masters"]
[Site "Hastings"]
[Date "2006.12.28"]
[Round "1.15"]
[White "Wallace, John Paul"]
[Black "Pickersgill, Adrian"]
[Result "1-0"]
[WhiteElo "2418"]
[BlackElo "2093"]
[PlyCount "53"]
[EventDate "2006.12.28"]
[SourceDate "2006.12.28"]

1. d4 d5 2. c4 Nc6 3. Bg5 h6 4. Bh4 Nf6 5. e3 Be6 6. Nd2 dxc4 7. Nxc4 g5 8. Bg3
Ne4 9. Rc1 Bg7 10. Qc2 Nxg3 11. hxg3 Qd7 12. a3 Bf5 13. Qb3 Rb8 14. Nf3 O-O 15.
Be2 b5 16. Ncd2 Nd8 17. Rc5 c6 18. g4 Be6 19. Qc2 Rc8 20. Rxg5 f6 21. Rxh6 fxg5
22. Qh7+ Kf7 23. Qg6+ Kg8 24. Rh7 Rf7 25. Nxg5 Bf5 26. gxf5 Qxf5 27. Rxg7+ 1-0

[Event "Hastings Masters"]
[Site "Hastings"]
[Date "2006.12.28"]
[Round "1.16"]
[White "Mansson, James"]
[Black "Haslinger, Stewart"]
[Result "0-1"]
[WhiteElo "2090"]
[BlackElo "2410"]
[PlyCount "90"]
[EventDate "2006.12.28"]
[SourceDate "2006.12.28"]

1. Nf3 d5 2. d4 Nf6 3. c4 c6 4. Nc3 a6 5. c5 Bf5 6. Bf4 Nbd7 7. e3 e6 8. Be2
Ne4 9. Nxe4 Bxe4 10. O-O Be7 11. Nd2 Bg6 12. b4 O-O 13. Nb3 Re8 14. Na5 Qc8 15.
Rc1 Bd8 16. Bd6 e5 17. Bg4 f5 18. Bh3 Bc7 19. Bxc7 Qxc7 20. dxe5 Nxe5 21. Qd4
Re7 22. Nb3 Rf8 23. Nd2 f4 24. e4 Rd8 25. exd5 Rxd5 26. Qc3 Qd8 27. Nc4 Nxc4
28. Qxc4 Bd3 29. Qxf4 Bxf1 30. Rxf1 Rd4 31. Qg5 Rxb4 32. Be6+ Kh8 33. Bb3 Rbe4
34. Qc1 Qe8 35. f3 Re1 36. Qc4 Rxf1+ 37. Kxf1 Re1+ 38. Kf2 Qe3+ 39. Kg3 Qg5+
40. Kf2 Qd2+ 41. Kg3 Qg5+ 42. Kf2 Re8 43. h3 Qe5 44. Qc1 Qe2+ 45. Kg3 Qe1+ 0-1

[Event "Hastings Masters"]
[Site "Hastings"]
[Date "2006.12.28"]
[Round "1.18"]
[White "Lunn, Timothy"]
[Black "Ciuksyte, Dagne"]
[Result "0-1"]
[WhiteElo "2079"]
[BlackElo "2392"]
[PlyCount "66"]
[EventDate "2006.12.28"]
[SourceDate "2006.12.28"]

1. Nf3 Nf6 2. d4 b5 3. e3 a6 4. a4 b4 5. Bd3 Bb7 6. Nbd2 e6 7. O-O c5 8. dxc5
Bxc5 9. Nb3 Be7 10. a5 O-O 11. Qe2 d5 12. Bd2 Nc6 13. Nfd4 Ne5 14. Ra4 Nc4 15.
Bxc4 dxc4 16. Qxc4 Qd7 17. Rxb4 Bd5 18. Qe2 Bxb4 19. Bxb4 Bxg2 20. Kxg2 Qb7+
21. Qf3 Qxb4 22. Rg1 Qc4 23. Kh3 Kh8 24. Qf4 Qd5 25. Rg5 Qe4 26. Qg3 Nd7 27.
Rxg7 Rg8 28. Rg4 Qd5 29. f3 Nf6 30. Rxg8+ Rxg8 31. Qf4 Rg6 32. Ne2 Qh5+ 33. Qh4
Qf5+ 0-1

[Event "Hastings Masters"]
[Site "Hastings"]
[Date "2006.12.28"]
[Round "1.19"]
[White "McNab, Colin"]
[Black "Poobalasingam, Peter"]
[Result "1-0"]
[WhiteElo "2388"]
[BlackElo "2077"]
[PlyCount "99"]
[EventDate "2006.12.28"]
[SourceDate "2006.12.28"]

1. c4 Nf6 2. Nf3 g6 3. g3 Bg7 4. Bg2 d5 5. cxd5 Nxd5 6. d4 Nb6 7. Nc3 Nc6 8. e3
O-O 9. O-O Re8 10. Re1 h6 11. d5 Na5 12. Nd4 Bd7 13. a4 c5 14. dxc6 Nxc6 15. a5
Nxd4 16. axb6 Nc6 17. bxa7 Rxa7 18. Rxa7 Nxa7 19. Bxb7 Qc7 20. Bf3 Bxc3 21.
bxc3 Qxc3 22. Bb2 Qc7 23. Qa1 Bc6 {(=)} 24. Be5 Qb7 25. Rb1 Qa8 26. Be2 Bd5 27.
Rd1 Bf3 28. Bxf3 Qxf3 29. Rc1 Rd8 30. Bh8 f6 31. Qxa7 Rd1+ 32. Rxd1 Qxd1+ 33.
Kg2 Qd5+ 34. f3 Kxh8 35. Qxe7 Qa2+ 36. Kh3 Qa6 37. Qf8+ Kh7 38. Qf7+ Kh8 39.
Qxg6 Qe6+ 40. Kh4 Qxe3 41. Qxf6+ Kh7 42. Qf7+ Kh8 43. f4 Qe2 44. h3 Qe3 45.
Qf6+ Kh7 46. Qf5+ Kg8 47. Qg6+ Kh8 48. Qxh6+ Kg8 49. Qg5+ Kh8 50. Qe5+ 1-0

[Event "Hastings Masters"]
[Site "Hastings"]
[Date "2006.12.28"]
[Round "1.20"]
[White "Haydon, David"]
[Black "Grooten, Herman"]
[Result "0-1"]
[WhiteElo "2073"]
[BlackElo "2387"]
[PlyCount "68"]
[EventDate "2006.12.28"]
[SourceDate "2006.12.28"]

1. e4 c6 2. d4 d5 3. exd5 cxd5 4. Nf3 Bg4 5. Be2 Nc6 6. c3 Nf6 7. Ne5 Bxe2 8.
Qxe2 Rc8 9. Bf4 e6 10. Nd2 Bd6 11. O-O Bxe5 12. Bxe5 O-O 13. Bxf6 Qxf6 14. f4
Rc7 15. g3 b5 16. f5 exf5 17. Qxb5 Nxd4 18. Qd3 Nc6 19. Rxf5 {(=)} Ne5 20. Rxf6
Nxd3 21. Rd6 Nxb2 22. Rxd5 Rxc3 23. Rb1 Rc2 24. Rd7 a5 25. Re1 h6 26. Re5 a4
27. Ree7 Nd1 28. a3 Nc3 29. Nf3 Ra2 30. Ne5 Rb8 31. Rb7 Rxb7 32. Rxb7 Rxa3 33.
Rxf7 Rb3 34. Ra7 a3 0-1

[Event "Hastings Masters"]
[Site "Hastings"]
[Date "2006.12.28"]
[Round "1.21"]
[White "Knott, Simon"]
[Black "Hagesaether, Arne"]
[Result "1/2-1/2"]
[WhiteElo "2375"]
[BlackElo "2058"]
[PlyCount "53"]
[EventDate "2006.12.28"]
[SourceDate "2006.12.28"]

1. Nf3 d5 2. d4 Nf6 3. c4 c6 4. Nc3 a6 5. c5 Nbd7 6. Bf4 Nh5 7. Bd2 Nhf6 8. Bf4
Nh5 9. Bd2 Nhf6 10. Rc1 Qc7 11. g3 e5 12. Nxe5 Nxe5 13. dxe5 Qxe5 14. Bf4 Qf5
15. Na4 Be6 16. Bg2 Nd7 17. Qd4 Be7 18. Qxg7 Bf6 19. Qh6 O-O-O 20. Bf3 Rdg8 21.
Qh5 Rg5 22. Bxg5 Bxg5 23. g4 Qf4 24. O-O Nf6 25. Nb6+ Kc7 26. e3 Nxh5 27. exf4
{(=)} 1/2-1/2

[Event "Hastings Masters"]
[Site "Hastings"]
[Date "2006.12.28"]
[Round "1.22"]
[White "Hickman, John"]
[Black "Houska, Jovanka"]
[Result "0-1"]
[WhiteElo "2058"]
[BlackElo "2370"]
[PlyCount "60"]
[EventDate "2006.12.28"]
[SourceDate "2006.12.28"]

1. e4 c6 2. d4 d5 3. Nc3 dxe4 4. Nxe4 Bf5 5. Ng3 Bg6 6. h4 h6 7. Nf3 Nd7 8. h5
Bh7 9. Bd3 Bxd3 10. Qxd3 e6 11. Bf4 Qa5+ 12. Bd2 Bb4 13. c3 Be7 14. c4 Qc7 15.
O-O-O Ngf6 16. Kb1 O-O 17. Ne4 b5 18. Nxf6+ Nxf6 19. c5 Rfd8 20. Qe2 Ng4 21. g3
Rd5 22. Bf4 Qd7 23. Ne5 Nxe5 24. Bxe5 Rd8 25. g4 f6 26. Bg3 e5 27. f4 exf4 28.
Bxf4 Bxc5 29. Bxh6 gxh6 30. Qe4 Qh7 0-1

[Event "Hastings Masters"]
[Site "Hastings"]
[Date "2006.12.28"]
[Round "1.23"]
[White "Peek, Marcel"]
[Black "Wilson, Alexandra"]
[Result "1-0"]
[WhiteElo "2367"]
[BlackElo "2056"]
[PlyCount "47"]
[EventDate "2006.12.28"]
[SourceDate "2006.12.28"]

1. Nf3 Nf6 2. c4 g6 3. Nc3 d5 4. cxd5 Nxd5 5. d4 Bg7 6. e4 Nxc3 7. bxc3 c5 8.
Rb1 O-O 9. Be2 Nc6 10. d5 Ne5 11. Nxe5 Bxe5 12. c4 Qc7 13. Qd2 Rd8 14. f4 Bd4
15. Bb2 e5 16. Bxd4 cxd4 17. O-O f6 18. fxe5 fxe5 19. Qg5 Re8 20. Rf6 Qg7 21.
c5 Rf8 22. Rxf8+ Qxf8 23. d6 Qe8 24. Bb5 1-0

[Event "Hastings Masters"]
[Site "Hastings"]
[Date "2006.12.28"]
[Round "1.24"]
[White "Gibson, Christopher"]
[Black "Vul, Arkadi"]
[Result "1/2-1/2"]
[WhiteElo "2056"]
[BlackElo "2365"]
[PlyCount "84"]
[EventDate "2006.12.28"]
[SourceDate "2006.12.28"]

1. d4 d5 2. c4 e6 3. Nc3 c6 4. Nf3 Nf6 5. Bg5 Nbd7 6. e3 Qa5 7. Nd2 dxc4 8.
Bxf6 Nxf6 9. Nxc4 Qc7 10. Bd3 c5 11. dxc5 Bxc5 12. O-O O-O 13. Qf3 Rd8 14. Rfd1
Bd7 15. Ne4 Be7 16. Rac1 Rac8 17. Qg3 Bb5 18. Nxf6+ Bxf6 19. Qxc7 Rxc7 20. b3
Rcd7 21. Be2 Kf8 22. Rxd7 Bxd7 23. Bf3 b6 24. Nd6 Be7 25. Rd1 Bxd6 26. Rxd6 Ke7
27. Rd1 Rc8 28. Be4 f5 29. Bd3 Rc3 30. Kf1 Rxd3 31. Rxd3 Bb5 32. Ke2 e5 33. Kd2
Bxd3 34. Kxd3 Kd6 35. e4 f4 36. Kc4 Kc6 37. a4 a6 38. b4 g5 39. g3 h5 40. b5+ {
(=)} axb5+ 41. axb5+ Kd6 42. h4 gxh4 {(=)} 1/2-1/2

[Event "Hastings Masters"]
[Site "Hastings"]
[Date "2006.12.28"]
[Round "1.25"]
[White "Marusenko, Petr"]
[Black "Spanton, Tim"]
[Result "1-0"]
[WhiteElo "2340"]
[BlackElo "2051"]
[PlyCount "67"]
[EventDate "2006.12.28"]
[SourceDate "2006.12.28"]

1. d4 d5 2. Nf3 Nc6 3. e3 Bg4 4. c4 e6 5. a3 Nf6 6. b4 a6 7. Bb2 Ne4 8. c5 Be7
9. Nbd2 Bh4 10. Nxe4 dxe4 11. h3 Bh5 12. g4 exf3 13. gxh5 Qf6 14. Bd3 Rd8 15.
Rg1 e5 16. Rg4 O-O 17. Qc2 Rfe8 18. O-O-O Bg5 19. d5 Ne7 20. Bxh7+ Kh8 21. Be4
Ng8 22. Rg3 Qh6 23. Rxf3 Qxh5 24. Rf5 Nh6 25. Rf3 Bf6 26. Kb1 b6 27. d6 cxd6
28. Rxd6 bxc5 29. Rxd8 Rxd8 30. bxc5 Be7 31. c6 f5 32. c7 Rc8 33. Bb7 e4 34.
Bxc8 1-0

[Event "Hastings Masters"]
[Site "Hastings"]
[Date "2006.12.28"]
[Round "1.26"]
[White "Dennis, Nigel"]
[Black "Huss, Andreas"]
[Result "1/2-1/2"]
[WhiteElo "2050"]
[BlackElo "2338"]
[PlyCount "54"]
[EventDate "2006.12.28"]
[SourceDate "2006.12.28"]

1. e4 e6 2. d4 d5 3. Nc3 Bb4 4. e5 Qd7 5. f4 Ne7 6. Nf3 b6 7. Bd3 Ba6 8. O-O
Bxc3 9. bxc3 Qa4 10. Be3 Bxd3 11. cxd3 Qxd1 12. Rfxd1 Nd7 13. c4 Rc8 14. a4 c5
15. a5 cxd4 16. Bxd4 dxc4 17. axb6 axb6 18. dxc4 Rxc4 19. Ra7 Rc8 20. Ng5 Nd5
21. Ne4 Ke7 22. Bb2 Rc7 23. Ba3+ Kd8 24. Ra8+ Rc8 25. Ra7 Rc7 26. Ra8+ Rc8 27.
Ra7 Rc7 1/2-1/2

[Event "Hastings Masters"]
[Site "Hastings"]
[Date "2006.12.28"]
[Round "1.27"]
[White "Eames, Robert"]
[Black "Jain, Akash"]
[Result "1-0"]
[WhiteElo "2311"]
[BlackElo "2036"]
[PlyCount "59"]
[EventDate "2006.12.28"]
[SourceDate "2006.12.28"]

1. e4 c5 2. c3 d5 3. exd5 Qxd5 4. d4 Nf6 5. Nf3 Bg4 6. dxc5 Qxc5 7. Na3 a6 8.
Be3 Qc7 9. Qa4+ Nbd7 10. O-O-O e5 11. h3 Bxf3 12. gxf3 O-O-O 13. Nc4 Bc5 14.
Be2 Nb6 15. Qb3 Bxe3+ 16. fxe3 Nxc4 17. Qxc4 Qxc4 18. Bxc4 Rxd1+ 19. Rxd1 Rf8
20. a4 a5 21. Kc2 b6 22. b4 axb4 23. cxb4 Nd7 24. Kb3 Kc7 25. Bd5 f5 26. Kc4
Nf6 27. Be6 f4 28. exf4 exf4 29. Kb5 Ne8 30. Rd7+ 1-0

[Event "Hastings Masters"]
[Site "Hastings"]
[Date "2006.12.28"]
[Round "1.28"]
[White "Calvert, D Ian"]
[Black "Rudd, Jack"]
[Result "0-1"]
[WhiteElo "2035"]
[BlackElo "2310"]
[PlyCount "44"]
[EventDate "2006.12.28"]
[SourceDate "2006.12.28"]

1. b3 e5 2. Bb2 Nc6 3. e3 d5 4. Bb5 Bd6 5. f4 Qh4+ 6. g3 Qe7 7. Nf3 f6 8. Nc3
Be6 9. O-O Nh6 10. fxe5 fxe5 11. e4 dxe4 12. Bxc6+ bxc6 13. Nxe4 O-O 14. d3 Bh3
15. Re1 Bg4 16. Ned2 Qf7 17. Rf1 Qh5 18. Qe2 Bc5+ 19. d4 exd4 20. Qc4+ Kh8 21.
Bxd4 Bxd4+ 22. Qxd4 Bxf3 0-1

[Event "Hastings Masters"]
[Site "Hastings"]
[Date "2006.12.28"]
[Round "1.29"]
[White "Ashton, Adam"]
[Black "Fraser, Joe"]
[Result "1-0"]
[WhiteElo "2304"]
[BlackElo "1983"]
[PlyCount "95"]
[EventDate "2006.12.28"]
[SourceDate "2006.12.28"]

1. e4 c5 2. Nf3 Nc6 3. Bb5 Qc7 4. O-O Nf6 5. Re1 e6 6. c3 a6 7. Bf1 Be7 8. d4
cxd4 9. cxd4 d5 10. e5 Nd7 11. Nc3 b5 12. Be3 Nb6 13. Nd2 Bd7 14. Rc1 O-O 15.
Qh5 f5 16. Nf3 Be8 17. Qh3 Qd8 18. Qg3 Qd7 19. Ne2 Kh8 20. Nf4 Nd8 21. h4 Nc4
22. b3 Nxe3 23. Rxe3 Rc8 24. Rec3 Rxc3 25. Rxc3 Bf7 26. Ng5 Be8 27. Rc2 Rg8 28.
Qc3 h6 29. Qh3 Rf8 30. Nf3 Nc6 31. h5 Bd8 32. Rd2 Bf7 33. Nh4 Re8 34. Nhg6+ Kh7
35. Qg3 Bg5 36. Qc3 Rc8 37. Rc2 Kg8 38. a4 Na7 39. Qb4 Nc6 40. Qd6 Qxd6 41.
exd6 Na7 42. Rxc8+ Nxc8 43. d7 Nb6 44. axb5 a5 45. Ne5 Nxd7 46. Nxd7 Bxf4 47.
b6 Be8 48. Ne5 1-0